Enemy of convenience: the United States vs. Cuba

Artículo introductoria al tema de la política exterior de los Estados Unidos hacia Cuba, en la que se afirma que más que mejorar las posibilidades de normalizar relaciones (después de la caída del comunismo europeo), Estados Unidos es cada vez más implacable con Cuba. La ya reducida importancia de C...

Ful tanımlama

Kaydedildi:
Detaylı Bibliyografya
Materyal Türü: Metin
Konular:
Etiketler: Etiketle
Etiket eklenmemiş, İlk siz ekleyin!

MARC

LEADER 00000 a a2200000 04500
001 9902
003
040
245 |a Enemy of convenience:   |b the United States vs. Cuba  
520 |a Artículo introductoria al tema de la política exterior de los Estados Unidos hacia Cuba, en la que se afirma que más que mejorar las posibilidades de normalizar relaciones (después de la caída del comunismo europeo), Estados Unidos es cada vez más implacable con Cuba. La ya reducida importancia de Cuba en la política exterior norteamericana, paradójicamente se ha traducido en mayor hostilidad contra la isla, afirmándose por ello de que Cuba se ha convertido en un enemigo de conveniencia de los Estados Unidos. AB/MR  
650 |a RELACIONES INTERNACIONALES  
650 |a DIPLOMACIA  
650 |a INTERVENCION EXTRANJERA  
650 |a IMPERIALISMO  
773 |g volumen 24, número 3; páginas 8  
999 |c 23040  |d 23040 
773 0 |0 43153  |9 9044  |a North American Congress on Latin America (NACLA)  |d Nueva York: North American Congress on Latin America (NACLA), 1967-  |o 22899  |t NACLA: